<?xml version="1.0" encoding="UTF-8"?>
<collection xmlns="http://www.loc.gov/MARC21/slim">
 <record>
  <leader>     na                 </leader>
  <controlfield tag="001">INLIS000000000694946</controlfield>
  <controlfield tag="005">20230113080317</controlfield>
  <datafield tag="035" ind1=" " ind2=" ">
   <subfield code="a">0010-0123000258</subfield>
  </datafield>
  <controlfield tag="007">ta</controlfield>
  <controlfield tag="008">230113                b          0 |  </controlfield>
  <datafield tag="020" ind1=" " ind2=" ">
   <subfield code="a">978-602-5538-80-3</subfield>
  </datafield>
  <datafield tag="082" ind1=" " ind2=" ">
   <subfield code="a">743.7</subfield>
  </datafield>
  <datafield tag="084" ind1=" " ind2=" ">
   <subfield code="a">743.7 TIM m</subfield>
  </datafield>
  <datafield tag="100" ind1="0" ind2=" ">
   <subfield code="a">Tim Redaksi</subfield>
  </datafield>
  <datafield tag="245" ind1="1" ind2=" ">
   <subfield code="a">Menggambar &amp; mewarnai dinosaurus /</subfield>
   <subfield code="c">Penulis, Tim Redaksi; Editor, Randi Renggana;</subfield>
  </datafield>
  <datafield tag="250" ind1=" " ind2=" ">
   <subfield code="a">Cet.1</subfield>
  </datafield>
  <datafield tag="260" ind1=" " ind2=" ">
   <subfield code="a">Bandung :</subfield>
   <subfield code="b">Ruangkata Imprint Kawan Pustaka,</subfield>
   <subfield code="c">2021</subfield>
  </datafield>
  <datafield tag="300" ind1=" " ind2=" ">
   <subfield code="a">32 hlm :</subfield>
   <subfield code="b">Ilus ;</subfield>
   <subfield code="c">19 cm</subfield>
  </datafield>
  <datafield tag="520" ind1=" " ind2=" ">
   <subfield code="a">Ayo sebutkan nama-nama dinosaurs yang kalian ketahui? Dalam buku ini Isinafflowsrw. -,,,„~ ankylosaurus, brontosavrvs, dll. Yuk kita belajar menggarnbar dan rnewarnai dinosavrusl Tentvnya kegiatan menggambar dan mewarnai mervpakan aktivitas i yang sangat seru dan mengasyikkan. Dengani konsep 5 in 1, kalian tidak hanya belajar menggambar dan rnewarnai, tetapi kahan juga bisa belajar menebalkan, menulis, dan menempel. Setiap gambar dan tulisan di dalam buku ini dibuat dengan garis putus-putus, sehing9a kalian bisa belajar menggambar dengan menebalkan bentuk gambar dan menvhs nama-nama dinosavrusnya. ; Selain itu, buku ini dilengkapi dengan stiker dinosaurus yang Iucu dan berwarna. Nah jangan lupa ya teman, tempelkan stikernya pada kolom yang sudah disediakan di setiap halamannya. Tentunya akan sangat rnenyenangkan Iii4. belajar menggambar dan mewarnai sambil menempelkan stiker. Stiker ini bisa menjadi pandvan kalian vntuk memilih warna dalam mewarnai gambarnya. A Selain itv, ada banyak sekali manFaat yang didapat dengan aktivitas 5 in 1 ini, seperti mengasah kreativitas dan motorik halus, mengenal perbedaan warna dan bentuk, melatih koordinasi tangan, mata, dan otak, melatih konsentrasi dan kesabaran, mengembangkan imajinasi dan ekpresi, serta memperkaya kosakata dan mengenal berbagai jenis dinosaurus. Wah, sangat banyak sekali ya aktivitas dan manFaat yang dapat dilakukan dalam buku ini.</subfield>
  </datafield>
  <datafield tag="600" ind1=" " ind2="4">
   <subfield code="a">Komik, Bacaan</subfield>
  </datafield>
 </record>
</collection>
